00321 a2200109 4500001001000000005001700010008004100027245003900068100001900107773006800126999001700194ART_4680020260410162000.0260409a 10a¿Por qué sobrevivirá el EURO?1 aBergsten, Fred0 tArchivos del presenteg- Año 16, Nº 59 (jun. 2012)wREV28180 c31185d31185